00426nam a2200169Ia 4500008004100000041001200041082001200053100002200065245003700087365000700124520001300131546001200144630003700156650001300193655001300206730003700219101110s9999 xx 000 0 und d aENGLISH bSR13143 aShukla and Grewal aAdvanced Accounts (Rev. edition) b55 aCommerce aENGLISH aAdvanced Accounts (Rev. edition) aCommerce aCommerce aAdvanced Accounts (Rev. edition)